Electricity and matter : (Record no. 9473)
[ view plain ]
| 000 -LEADER | |
|---|---|
| fixed length control field | 00979nam a2200313 4500 |
| 001 - CONTROL NUMBER | |
| control field | 9473 |
| 003 - CONTROL NUMBER IDENTIFIER | |
| rucl marc code | BD-RjUL |
| 005 - DATE AND TIME OF LATEST TRANSACTION | |
| control field | 20211208234802.0 |
| 008 - FIXED-LENGTH DATA ELEMENTS--GENERAL INFORMATION | |
| fixed length control field | 140121t1968 stka 001 0 eng d |
| 020 ## - INTERNATIONAL STANDARD BOOK NUMBER | |
| International Standard Book Number | 0852240155 |
| 035 ## - SYSTEM CONTROL NUMBER | |
| System control number | (BD-RjUL)9518 |
| 040 ## - CATALOGING SOURCE | |
| Original cataloging agency | BD-RjUL |
| Language of cataloging | eng |
| Transcribing agency | BD-RjUL |
| 041 ## - LANGUAGE CODE | |
| Language code of text/sound track or separate title | eng |
| 082 04 - DEWEY DECIMAL CLASSIFICATION NUMBER | |
| Edition number | 16 |
| Classification number | 537.2 |
| Author mark and year | FEE 1968 |
| 100 1# - MAIN ENTRY--PERSONAL NAME | |
| Personal name | Feather, N. |
| Fuller form of name | (Norman) |
| 9 (RLIN) | 26850 |
| 245 10 - TITLE STATEMENT | |
| Title | Electricity and matter : |
| Remainder of title | an introductory survey / |
| Statement of responsibility, etc. | an introductory survey by Norman Feather |
| 260 ## - PUBLICATION, DISTRIBUTION, ETC. (IMPRINT) | |
| Place of publication, distribution, etc. | Edinburgh : |
| Name of publisher, distributor, etc. | Edinburgh University Press, |
| Date of publication, distribution, etc. | c1968 |
| 300 ## - PHYSICAL DESCRIPTION | |
| Pagination | viii, 532 p : |
| Illustrations | illus ; |
| Size | 22 cm. |
| 490 1# - SERIES STATEMENT | |
| Series statement | Edinburgh University publications. Science and mathematics texts ; |
| Volume/sequential designation | 8 |
| 504 ## - BIBLIOGRAPHY, ETC. NOTE | |
| Bibliography, etc | Includes index. |
| 650 #0 - SUBJECT ADDED ENTRY--TOPICAL TERM | |
| Topical term or geographic name as entry element | Electricity |
| 9 (RLIN) | 29355 |
| Topical term or geographic name as entry element | Matter |
| 9 (RLIN) | 29356 |
| Topical term or geographic name as entry element | Electric measurements |
| 9 (RLIN) | 27775 |
| 830 #0 - SERIES ADDED ENTRY--UNIFORM TITLE | |
| Volume number/sequential designation | 8 |
| Uniform title | Edinburgh University publications. |
| 942 ## - ADDED ENTRY ELEMENTS (KOHA) | |
| Source of classification or shelving scheme | Dewey Decimal Classification |
| Koha item type | Books |
| Lost status | Source of classification or shelving scheme | Damaged status | Not for loan | Collection code | Permanent Location | Current Location | Shelving location | Date acquired | Source of acquisition | Cost, normal purchase price | Total Checkouts | Full call number | Date last seen | Copy number | Koha item type |
|---|---|---|---|---|---|---|---|---|---|---|---|---|---|---|---|
| Dewey Decimal Classification | Not For Loan | Non-fiction | Central Library, University of Rajshahi | Central Library, University of Rajshahi | Reading Room | 14/01/1970 | Zeit. | 0.00 | 537.2 FEE 1968 | 21/01/2014 | C-1 | Books | |||
| Dewey Decimal Classification | Non-fiction | Central Library, University of Rajshahi | Central Library, University of Rajshahi | 20/07/1970 | Sweets & Zeitlinger | 0.00 | 537.2 FEE 1968 | 13/05/2017 | C-2 | Books |